000 01696cad a22002295a 4500
001 L140815
008 071012e20071009xxkd f s f000 0 eng d
035 _a(Sirsi) u140815
041 0 _aeng
050 0 4 _a352.4941 $2 18
110 1 _aUnited Kingdom
_bHM Treasury
245 0 0 _a2007 pre-budget report and comprehensive spending review
_bmeeting the aspirations of the British people
_h[electronic resource]
260 _aLondon
_bTSO
_c2007
505 2 _aOverview -- Maintaining macroeconomic stability -- Transforming public services -- Sustainable growth and prosperity -- Fairness and opportunity for all -- Stronger communities and a better quality of life -- A more secure, fair and environmentally sustainable world
520 _aDetails the UK Government's tax and spending plans for the 2007 budget. Includes details on how the Government will meet its fiscal rules to maintain macroeconomic stability. Spending on public services is to be increased by 2.1% in real terms in order to improve frontline services, provide national protection and promote cultural events such as the 2012 Olympics. High rates of economic growth are to be sustained by improving the national skills base. Long-term housing supply and affordability are targets for sustainable increase, particularly improvements to the energy efficiency of homes. Other environmental targets are detailed.
590 _aKA
650 2 4 _aPLANNING GAIN SUPPLEMENT
651 4 _aEngland and Wales
_y1543-
690 _aMANAGEMENT-BUSINESS MANAGEMENT-FINANCIAL MANAGEMENT
856 4 0 _uhttps://www.hm-treasury.gov.uk/pbr_csr/pbr_csr07_index.cfm
_vView the report free of charge at www.hm-treasury.gov.uk...
942 _n0
999 _c107544
_d107544